书目信息 |
| 题名: |
人性的弱点
|
|
| 作者: | 卡耐基 著 ;王恩科 编译 | |
| 分册: | ||
| 出版信息: | 北京 中国书籍出版社 2010.01 |
|
| 页数: | 328页 | |
| 开本: | 23cm | |
| 丛书名: | ||
| 单 册: | ||
| 中图分类: | H319.4:C | |
| 科图分类: | ||
| 主题词: | 英语--ying yu--汉语--对照读物 , 人间交往--ren jian jiao wang--通俗读物 | |
| 电子资源: | ||
| ISBN: | 978-7-5068-2044-8 | |
| 000 | 01069nam0 2200277 450 | |
| 001 | 012010754910 | |
| 005 | 20101106110335.43 | |
| 010 | @a978-7-5068-2044-8@dCNY32.00 | |
| 100 | @a20101104d2010 em y0chiy0120 ea | |
| 101 | 2 | @achi@aeng@ceng |
| 102 | @aCN@b110000 | |
| 105 | @ay z 000yy | |
| 106 | @ar | |
| 200 | 1 | @a人性的弱点@Aren xing de ruo dian@d= How to win friends & influence people@f戴尔·卡耐基著@Fdai er·ka nai ji zhu@g王恩科编译@Gwang en ke bian yi@zeng |
| 210 | @a北京@c中国书籍出版社@d2010.01 | |
| 215 | @a328页@d23cm | |
| 300 | @a中英双语珍藏读本 精华本 | |
| 330 | @a本书内容包括:待人技巧、使人喜欢你的六种方法、如何赢得他人的赞同、如何做一名领导者、创造奇迹的话语、家庭生活幸福的几项原则。 | |
| 510 | 1 | @aHow to win friends & influence people@zeng |
| 606 | 0 | @a英语@Aying yu@x汉语@j对照读物 |
| 606 | 0 | @a人间交往@Aren jian jiao wang@j通俗读物 |
| 690 | @aH319.4:C@v4 | |
| 701 | 1 | @a卡耐基@Aka nai ji@g(Carnegie, Dale)@4著 |
| 702 | 0 | @a王恩科@Awang en ke@4编译 |
| 801 | 0 | @aCN@bQSSK@c20101106 |
| 905 | @b787105-07@dH319.4:C@eK072@f3 | |
| 人性的弱点= How to win friends & influence people/戴尔·卡耐基著/王恩科编译.-北京:中国书籍出版社,2010.01 |
| 328页;23cm |
| 中英双语珍藏读本 精华本 |
| ISBN 978-7-5068-2044-8:CNY32.00 |
| 本书内容包括:待人技巧、使人喜欢你的六种方法、如何赢得他人的赞同、如何做一名领导者、创造奇迹的话语、家庭生活幸福的几项原则。 |
| ● |
| 相关链接 |
|
|
|
正题名:人性的弱点
索取号:H319.4:C/K072
 
预约/预借
| 序号 | 登录号 | 条形码 | 馆藏地/架位号 | 状态 | 备注 |
| 1 | 787105 | 207871052 | 语言库209/209语言库 52排2列1层/ [索取号:H319.4:C/K072] | 在馆 | |
| 2 | 787106 | 207871061 | 语言库209/209语言库 52排2列1层/ [索取号:H319.4:C/K072] | 在馆 | |
| 3 | 787107 | 207871070 | 语言库209/209语言库 52排2列1层/ [索取号:H319.4:C/K072] | 在馆 |